| 000 | 00652nam a2200193 i 4500 | ||
|---|---|---|---|
| 001 | 112758 | ||
| 003 | ES-MaACL | ||
| 005 | 20250816063137.0 | ||
| 008 | 061121s1930 sp a |||| | spa d | ||
| 100 | 1 |
_aNóvoa Santos, Roberto, _d1885-1933 _986096 |
|
| 245 | 1 | 0 |
_aManual de patología general / _cpublicado por el Prof. Dr. Méd. R. Nóvoa Santos. |
| 250 | _a5ª ed., rev. y puesta al día. | ||
| 260 |
_a[Santiago : _bs. n.], _c1930 ( _fTip. El Eco de Santiago) |
||
| 300 |
_a2 v. : _bil. ; _c25 cm. |
||
| 650 | 0 | 7 |
_aEnfermedades _2embne _912257 |
| 650 | 0 | 4 |
_aPatología. _915884 |
| 852 |
_aES-MaACL _jE-1698-99 |
||
| 999 |
_c112758 _d112758 |
||